| 000 | 00792nam a22002297a 4500 | ||
|---|---|---|---|
| 003 | OSt | ||
| 005 | 20210315113559.0 | ||
| 008 | 100322s2020 dr a 000 0 spa d | ||
| 020 | _a9789945612356 | ||
| 040 |
_aDO-SdBNP _bspa _cBNPHU |
||
| 082 |
_axxxx _bxxxx |
||
| 100 | 1 |
_aPadilla, Emelinda _937920 |
|
| 245 | 1 | 3 |
_aLa transición educativa de pre-primario a primero / _cEmelinda Padilla, Margarita Heinsen |
| 260 |
_aSanto Domingo : _bOrganización de Estados Iberoaméricanos para la Educación la Ciencia y la Cultura, _c2020. |
||
| 300 |
_a19 p. : _bil. ; _c28 cm. |
||
| 490 | 1 | _aDesarrollo Profesional Docente | |
| 590 | _aInventariado, 2021/ YL | ||
| 700 | 1 |
_aHeinsen, Margarita _937921 |
|
| 830 |
_aDesarrollo Profesional Docente _974673 |
||
| 910 | _aYLOCKWARD | ||
| 942 |
_2ddc _cLF2 |
||
| 999 |
_c49568 _d49568 |
||